Catálogo público

50 años de combate biológico de plagas agrícolas en México / (Record no. 199978)

MARC details
000 -CABECERA
campo de control de longitud fija 00804nam a2200265Ia 4500
001 - NÚMERO DE CONTROL
campo de control Para_1270
003 - IDENTIFICADOR DEL NÚMERO DE CONTROL
campo de control CHAP
008 - DATOS DE LONGITUD FIJA--INFORMACIÓN GENERAL
campo de control de longitud fija 220125s1999 xx 000 0 und d
010 ## - NÚMERO DE CONTROL DE LA BIBLIOTECA DEL CONGRESO
Número de control de LC 199978
040 ## - FUENTE DE LA CATALOGACIÓN
Centro/agencia transcriptor CHAP
090 ## - LOCALMENTE ASIGNADO TIPO-LC NÚMERO DE CLASIFICACIÓN (OCLC); NÚMERO DE CLASIFICACIÓN LOCAL (RLIN)
Número de clasificación (OCLC) (R) ; Numero de clasificación, CALL (RLIN) (NR) PA FOLLETO 3462
100 ## - ENTRADA PRINCIPAL--NOMBRE DE PERSONA
Nombre de persona Jiménez Jiménez, Eleazar
9 (RLIN) 61551
245 ## - MENCIÓN DE TÍTULO
Título 50 años de combate biológico de plagas agrícolas en México /
Mención de responsabilidad, etc. por Eleazar Jiménez Jiménez
260 ## - PUBLICACIÓN, DISTRIBUCIÓN, ETC.
Lugar de publicación, distribución, etc. México, D.F. :
Nombre del editor, distribuidor, etc. Dirección General de Sanidad Vegetal
300 ## - DESCRIPCIÓN FÍSICA
Extensión 55 p.
650 ## - PUNTO DE ACCESO ADICIONAL DE MATERIA--TÉRMINO DE MATERIA
Término de materia o nombre geográfico como elemento de entrada Control biológico de plagas
9 (RLIN) 27587
710 ## - PUNTO DE ACCESO ADICIONAL--NOMBRE DE ENTIDAD CORPORATIVA
Nombre de entidad corporativa o nombre de jurisdicción como elemento de entrada Dirección General de Sanidad Vegetal
9 (RLIN) 162523
901 ## - ELEMENTOS DE DATOS A LOCAL LDA (RLIN)
a PA FOLLETO 3462
902 ## - ELEMENTOS DE DATOS B LOCAL, LDB (RLIN)
a A
905 ## - ELEMENTOS DE DATOS E LOCAL, LDE (RLIN)
a 0000001999 a 0000000000 00
910 ## - DATOS DE OPCIÓN DEL USUARIO (OCLC)
Datos de opción del usuario 1999
942 ## - ELEMENTOS DE PUNTO DE ACCESO ADICIONAL (KOHA)
Tipo de ítem Koha Parasitologia_
942 ## - ELEMENTOS DE PUNTO DE ACCESO ADICIONAL (KOHA)
Tipo de ítem Koha Parasitologia_
-- 1
Holdings
Estado de retiro Estado de pérdida Fuente del sistema de clasificación o colocación Estado dañado Restricciones de uso No para préstamo Código de colección Localización permanente Ubicación/localización actual Fecha de adquisición Información codificada de la localización en otra ubicación Total de préstamos Signatura topográfica completa Código de barras Fecha visto por última vez Número de copia Precio válido a partir de Tipo de ítem Koha Nota pública
    Clasificación Universidad Autónoma de Chapingo   Préstamo 3 días   Folletos Parasitologia Agricola Parasitologia Agricola 27/10/2005 PARA   PA FOLLETO 3462 PA_7663-3 25/01/2022 3 25/01/2022 Folleto 3
    Clasificación Universidad Autónoma de Chapingo   Préstamo 3 días   Folletos Parasitologia Agricola Parasitologia Agricola 27/10/2005 PARA   PA FOLLETO 3462 PA_7663-4 25/01/2022 4 25/01/2022 Folleto 3
    Clasificación Universidad Autónoma de Chapingo   Préstamo 3 días   Folletos Parasitologia Agricola Parasitologia Agricola 27/10/2005 PARA   PA FOLLETO 3462 PA_7663-5 25/01/2022 5 25/01/2022 Folleto 3
    Clasificación Universidad Autónoma de Chapingo       Folletos Parasitologia Agricola Parasitologia Agricola 27/10/2005 PARA   PA FOLLETO 3462 PA_7663 25/01/2022 1 25/01/2022 Folleto 3
    Clasificación Universidad Autónoma de Chapingo   Préstamo 3 días   Folletos Parasitologia Agricola Parasitologia Agricola 27/10/2005 PARA   PA FOLLETO 3462 PA_7663-2 25/01/2022 2 25/01/2022 Folleto 3